| 000 | 00367nab a22001097u 4500 | ||
|---|---|---|---|
| 008 | 130520b2007 xxu||||| |||| 00| 0 spa d | ||
| 041 | _aspa | ||
| 100 | 1 |
_aWilfred, FéLIX _910288 |
|
| 245 | 0 | 0 |
_aCristianismo y cosmopolitismo religioso. Hacia una universalidad inversa _cFélix Wilfred |
| 773 | 0 |
_tConcilium _gnº319,2007,págs. 129-140 _x0210-1041 _wRev134 |
|
| 942 | _cAR | ||
| 999 |
_c380476 _d380476 |
||